| 000 | 01025nam a2200181Ia 4500 | ||
|---|---|---|---|
| 008 | 151202s9999||||xx |||||||||||||| ||und|| | ||
| 082 | _bPNVM-47310 | ||
| 100 | _aदेशमुख श्री. द. (डॉ.). | ||
| 245 | _aश्रीमत आद्य शंकराचार्य विरचित स्तोत्रावली (भाग 1ला. (सार्यवसटीक). | ||
| 260 | _b"प्रसाद प्रकाशन, पुणे." | ||
| 260 | _c0 | ||
| 300 | _a298 | ||
| 600 | _aदेशमुख श्री. द. (डॉ.). | ||
| 630 | _aश्रीमत आद्य शंकराचार्य विरचित स्तोत्रावली (भाग 1ला. (सार्यवसटीक). | ||
| 700 | _aदेशमुख श्री. द. (डॉ.). | ||
| 730 | _aश्रीमत आद्य शंकराचार्य विरचित स्तोत्रावली (भाग 1ला. (सार्यवसटीक). | ||
| 942 | _cBOOK | ||
| 999 |
_c1313260 _d1313257 |
||